Catálogo

E-commerce : (Registro nro. 51533)

Detalles MARC
000 -LEADER
fixed length control field 00784nam a2200229 a 4500
001 - CONTROL NUMBER
control field 51533
005 - DATE AND TIME OF LATEST TRANSACTION
control field 20180714041024.0
008 - FIXED-LENGTH DATA ELEMENTS--GENERAL INFORMATION
fixed length control field 140415s2008 xxua r 000 0 eng d
020 ## - INTERNATIONAL STANDARD BOOK NUMBER
International Standard Book Number 9780136006459
041 0# - LANGUAGE CODE
Language code of text/sound track or separate title eng
082 0# - DEWEY DECIMAL CLASSIFICATION NUMBER
Classification number 658.872
Item number LAU
100 1# - MAIN ENTRY--PERSONAL NAME
Personal name Laudon, Kenneth C.
Dates associated with a name 1944-
Relator term autor
245 10 - TITLE STATEMENT
Title E-commerce :
Remainder of title business, technology, society /
Statement of responsibility, etc. Kenneth C. Laudon, Carol Guercio Traver.
250 ## - EDITION STATEMENT
Edition statement Cuarta edición
264 #1 - PRODUCTION, PUBLICATION, DISTRIBUTION, MANUFACTURE, AND COPYRIGHT NOTICE
Place of production, publication, distribution, manufacture United States of America :
Name of producer, publisher, distributor, manufacturer Pearson Prentice Hall,
Date of production, publication, distribution, manufacture, or copyright notice 2008
300 ## - PHYSICAL DESCRIPTION
Extent 809 páginas :
Other physical details ilustraciones ;
Dimensions xxxiv, 26 cm.
336 ## - CONTENT TYPE
Content type term texto
Source rdacontent
337 ## - MEDIA TYPE
Media type term sin mediacion
Source rdamedia
338 ## - CARRIER TYPE
Carrier type term volumen
Source rdacarrier
650 #4 - SUBJECT ADDED ENTRY--TOPICAL TERM
Topical term or geographic name entry element Comercio (electrónico)
General subdivision Mercadeo
700 1# - ADDED ENTRY--PERSONAL NAME
Personal name Traver, Carol Guercio,
Relator term autor
Existencias
Withdrawn status Lost status Source of classification or shelving scheme Damaged status Not for loan Collection code Home library Current library Shelving location Date acquired Source of acquisition Inventory number Total Checkouts Full call number Barcode Date last seen Date last checked out Price effective from Koha item type
    Dewey Decimal Classification     General Biblioteca Karol Wojtyla Biblioteca Karol Wojtyla Sala general 03/12/2013 Compra 151000000000000000030136   658.872 LAU 2008 76748 05/01/2026 13/04/2018 23/09/2016 Libro
    Dewey Decimal Classification     General Biblioteca Karol Wojtyla Biblioteca Karol Wojtyla Sala general 23/09/2016 Compra 151000000000000000030137 1 658.872 LAU 2008 96439 05/01/2026 13/08/2018 23/09/2016 Libro